Guess the lyrics (#41) - Statistics

General Stats
  • This quiz has been taken 176 times
  • The average score is 81 of 184
Answer Stats
Answer % Correct
I
99%
a
94%
the
89%
You
83%
you
83%
"You
83%
you,
83%
he
78%
me
78%
to
77%
and
75%
do
75%
go
75%
my
72%
"No
67%
no
67%
what
62%
there
60%
for
59%
you're
57%
I'm
56%
can't
51%
too
49%
if
48%
have
47%
lick"
47%
time
45%
all
44%
But
44%
but
44%
was
44%
like
42%
get
40%
'Cause
39%
'cause
39%
take
39%
gonna
36%
Gonna
36%
some
36%
car
34%
said,
34%
"I'd
33%
just
32%
make
32%
ain't
26%
baby
26%
Every
26%
didn't
24%
about
23%
wanna
22%
Well
22%
gotta
21%
son
19%
"Son
19%
son,
19%
told
19%
Told
19%
says
18%
try
18%
money
15%
summer
15%
two
15%
blues
13%
work
13%
summertime
12%
young
12%
cure
10%
mama
10%
use
10%
call
8%
dollar
8%
earn
8%
help
8%
Sometimes
8%
wonder
8%
late"
7%
papa
7%
United
7%
workin'
7%
boss
6%
holler
6%
Nations
6%
raise
6%
fine
5%
fuss
5%
trying
5%
vacation
5%
called
4%
congressman
4%
date
4%
next
4%
ridin'
4%
sick
4%
vote"
4%
dice,
3%
problem
3%
Sunday"
3%
weeks
3%
quote:
2%
No matching quizzes found
Score Distribution
Percent of People with Each Score
Percentile by Number Answered
Your Score History
You have not taken this quiz